Statistiken für One Piece Teufelsfrüchte

Klicken Sie hier um das Quiz zu spielen!

Allgemein

  • Dieses Quiz wurde 1.382 mal gespielt
  • Das Durchschnittsergebnis liegt bei 60 aus 116

Antwortstatistiken

NutzerTeufelsfrucht% Korrekt
Monkey D. RuffyGum-Gum-Frucht
99%
SenghokMensch-Mensch-Frucht: Daibutsu
95%
Tony ChopperMensch-Mensch-Frucht
94%
Puma D. Ace, SaboFeuer-Frucht
90%
SmokerRauch-Frucht
89%
AokijiGefrier-Frucht
84%
Sir CrocodileSand-Frucht
82%
Edward Newgate, Marshall D. TeachErdbeben-Frucht
80%
AkainuMagma-Frucht
80%
BuggyTrenn-Trenn-Frucht
80%
KizaruFunkel-Frucht
79%
MarcoVogel-Frucht-Phönix
79%
Ecki ZugluftBull-Bull-Frucht: Giraffe
77%
Don Quichotte de FlamingoFaden-Frucht
76%
EnelDonner-Frucht
75%
MagellanGift-Frucht
75%
Trafalgar LawOperations-Frucht
74%
Rob LucciKatzen-Frucht: Leopard
73%
Marshall D. TeachFinsternis-Frucht
72%
Caesar CrownGas-Frucht
71%
JozuGlitzer-Frucht
70%
JaburaHunde-Frucht: Wolf
70%
Gecko MoriaSchatten-Frucht
70%
KaidoDrachen-Frucht
69%
Mister 3Wachs-Frucht
69%
Boa HancockLiebes-Frucht
67%
PeronaGeister-Frucht
66%
PeruhVogel-Frucht: Falke
66%
Boa MarigoldSchlangen-Frucht: Kobra
65%
Bartholomäus BärTatzen-Frucht
65%
BrunoKlapptür-Frucht
64%
Boa SandersoniaSchlangen-Frucht: Anakonda
64%
X. DrakeDinosaurier-Frucht: Allosaurus
63%
QueenDinosaurier-Frucht: Brachiosaurus
63%
Kurozumi OrochiSchlangen-Frucht: Yamatanoorochi
63%
MintaurosBull-Bull-Frucht: Stier
62%
KingDinosaurier-Frucht: Pteranodon
62%
Page OneDinosaurier-Frucht: Spinosaurus
62%
JackElefanten-Frucht: Mammut
62%
MinochihuahuaHunde-Frucht: Chihuahua
62%
MinozebraPferde-Frucht: Zebra
62%
Carmel, Charlotte LinlinSeelen-Frucht
62%
ChakaHunde-Frucht: Schakal
61%
PicaStein-Frucht
61%
BartolomeoBarriere-Frucht
60%
Charlotte KatakuriMochi-Frucht
60%
MinorhinocerosPferde-Frucht: Nashorn
60%
Baby 5Waffen-Frucht
59%
FiffieHunde-Frucht: Dackel
58%
Catharina DevonHunde-Frucht: Kyubi
57%
Emporio IvankovHormon-Frucht
56%
BunbukuHunde-Frucht: Marderhund
56%
Mister 1Klingen-Frucht
56%
MoneSchnee-Frucht
56%
Absalom, ShiryuuUnsichtbarkeits-Frucht
56%
Charlotte CrackerKeks-Frucht
55%
Nico RobinFlora-Frucht
54%
Senor PinkSchwimm-Frucht
54%
CaribouSumpf-Frucht
54%
Mister 2Nachahmungs-Frucht
53%
Basil HawkinsStroh-Frucht
53%
Charlotte BruleeSpiegel-Frucht
52%
Charlotte OvenHitze-Frucht
51%
FujitoraStampf-Frucht
51%
BrookTotenreich-Frucht
51%
Mister 5Bomben-Frucht
50%
DaltonBull-Bull-Frucht: Bison
50%
MinokoalaKoala-Frucht
50%
InazumaScheren-Frucht
50%
FunkfriedElefanten-Frucht
49%
Miss Merry ChristmasMaulwurf-Frucht
48%
Kouzuki TokiZeit-Frucht
46%
TrebolKlebe-Frucht
45%
PierrePferde-Frucht
44%
Miss DoublefingerStachel-Frucht
43%
WapolMampf-Frucht
42%
PekomsSchildkröten-Frucht
42%
Capone BegeBurg-Frucht
40%
Van der Decken IX.Ziel-Frucht
40%
Miss ValentineKilo-Frucht
37%
KalifaSchaum-Frucht
36%
Kelly FunkJacken-Frucht
35%
Charlotte PerosperoSchleck-Frucht
33%
AlivdaAlabaster-Frucht
32%
Hina BlackcageFessel-Frucht
32%
CorazonLautlos-Frucht
32%
ShuuRost-Frucht
32%
MachviseTonnen-Frucht
32%
Charlotte SmoothieWring-Frucht
32%
JolaKunst-Frucht
31%
LeoNäh-Frucht
31%
FoxyLahm-Frucht
30%
KranichWäsche-Frucht
30%
BellamySpiral-Frucht
29%
KinemonKleider-Frucht
28%
Berry GoodBeeren-Frucht
27%
DiamanteFlatter-Frucht
27%
SugarHobby-Frucht
27%
StreusenKoch-Frucht
27%
Charlotte OperaSahne-Frucht
27%
Charlotte PuddingGedächtnis-Frucht
26%
KreiselradRad-Frucht
26%
SmileySalamander-Frucht
26%
Charlotte Mont d'OrBücher-Frucht
25%
MancherryHeilungs-Frucht
24%
GladiusPlatz-Frucht
24%
BianInsekten-Frucht: Hornisse
22%
KabuInsekten-Frucht: Nashornkäfer
22%
ShinobuReife-Frucht
22%
BuffaloRotier-Frucht
21%
Charlotte GaletteButter-Frucht
19%
Charlotte DaifukuLampen-Frucht
19%
Belo BettyMotivations-Frucht
18%
VioletAnstarr-Frucht
16%
MorleySchiebe-Frucht
15%
Charlotte NewshiMisch-Frucht
10%

Verteilung der Resultate

Perzentil nach korrekt beantworteten Fragen

Anzahl Personen mit jedem Resultat

Ihre Resultats-Entwicklung

Sie haben dieses Quiz noch nicht gespielt